Top-Torschützen der Champions League Ligaphase 2024/25 - Statistiken

Allgemein
  • Dieses Quiz wurde 119 mal gespielt
  • Das Durchschnittsergebnis liegt bei 17 aus 25
Antwortstatistiken
# Tore Verein Spieler % Korrekt
2. 9 FC Barcelona Robert Lewandowski
99%
1. 9 Borussia Dortmund Serhou Guirassy
93%
9. 6 FC Bayern München Harry Kane
91%
6 Manchester City Erling Haaland
90%
4. 7 Real Madrid Vinicius Jr.
90%
6. 6 Atletico Madrid Antoine Griezmann
86%
10. 6 Bayer Leverkusen Florian Wirtz
85%
13. 5 Inter Mailand Lautaro Martinez
76%
3. 8 FC Barcelona Raphinha
76%
18. 4 Paris Saint-Germain Ousmane Dembele
75%
15. 4 Real Madrid Rodrygo
73%
5. 6 LOSC Lille Jonathan David
72%
8. 6 Sporting Lissabon Viktor Gyökeres
70%
22. 4 RB Leipzig Benjamin Sesko
69%
16. 4 FC Arsenal Bukayo Saka
68%
7. 6 Atletico Madrid Julian Alvarez
66%
23. 4 FC Bayern München Michael Olise
65%
19. 4 Juventus Turin Dusan Vlahovic
64%
24. 4 FC Arsenal Kai Havertz
64%
17. 4 Atalanta Bergamo Ademola Lookman
59%
25. 4 Borussia Dortmund Jamie Gittens
57%
12. 5 Feyenoord Rotterdam Santiago Gimenez
45%
20. 4 AC Mailand Christian Pulisic
40%
14. 5 Benfica Lissabon Evangelos Pavlidis
32%
21. 4 Atalanta Bergamo Charles de Ketelaere
16%
Keine übereinstimmenden Quizze gefunden
Verteilung der Resultate
Anzahl Personen mit jedem Resultat
Perzentil nach korrekt beantworteten Fragen
Ihre Resultats-Entwicklung
Sie haben dieses Quiz noch nicht gespielt